[Event "Torneo Diputación Foral de Gipuzkoa"]
[Site "San Sebastian ESP"]
[Date "2009.07.13"]
[Round "6.5"]
[White "Zakurdjaeva, Irina"]
[Black "Tania, Sachdev"]
[Result "0-1"]
[WhiteElo "2305"]
[BlackElo "2410"]
[PlyCount "134"]
[EventDate "2009.07.07"]
[EventType "tourn"]
[EventRounds "9"]
[EventCountry "ESP"]
[EventCategory "3"]
[Source "lmi"]
[SourceDate "2009.07.07"]

1. e4 e5 2. Nf3 Nc6 3. Bb5 a6 4. Ba4 Nf6 5. O-O b5 6. Bb3 Be7 7. Re1 O-O 8. a4
b4 9. c3 d6 10. d4 Rb8 11. d5 Na5 12. Bc2 c6 13. dxc6 Nxc6 14. c4 Bg4 15. Be3
b3 16. Bd3 Nb4 17. Nc3 Bxf3 18. gxf3 Qc8 19. Ne2 Re8 20. Ng3 Bf8 21. Qxb3 Nd7
22. Be2 Nc5 23. Qc3 g6 24. b3 Rb7 25. Rab1 Qb8 26. f4 exf4 27. Bxf4 Nxe4 28.
Nxe4 Rxe4 29. Bg3 Bg7 30. Qd2 Rd4 31. Qg5 h6 32. Qa5 Nc6 33. Qc3 h5 34. h4 Rxh4
35. Qe3 Rd4 36. Bf3 Re7 37. Qg5 Rxe1+ 38. Rxe1 Ne5 39. Bxe5 dxe5 40. Rd1 Qxb3
41. Rxd4 exd4 42. Bd5 Qb1+ 43. Kg2 Qf5 44. Qxf5 gxf5 45. Kg3 Be5+ 46. Kh4 Bf4
47. Bf3 Kf8 48. Be2 Ke7 49. Kxh5 Kd6 50. Kh4 Kc5 51. Kh3 Kb4 52. c5 a5 53. Kg2
Kxa4 54. Kf3 Bc7 55. Bc4 Kb4 56. Bxf7 a4 57. Ke2 Kc3 58. Be6 a3 59. Kd1 Kb2 60.
Kd2 a2 61. Bxa2 Kxa2 62. Kd3 Be5 63. Kc4 Kb2 64. c6 Kc2 65. Kd5 Bc7 66. Kxd4
Kd2 67. Kd5 f4 0-1

[Event "Torneo Diputación Foral de Gipuzkoa"]
[Site "San Sebastian ESP"]
[Date "2009.07.14"]
[Round "7.1"]
[White "Tania, Sachdev"]
[Black "Pokorna, Regina"]
[Result "1/2-1/2"]
[WhiteElo "2410"]
[BlackElo "2381"]
[PlyCount "186"]
[EventDate "2009.07.07"]
[EventType "tourn"]
[EventRounds "9"]
[EventCountry "ESP"]
[EventCategory "3"]
[Source "lmi"]
[SourceDate "2009.07.07"]

1. d4 Nf6 2. Nf3 e6 3. c4 b6 4. Nc3 Bb4 5. Bg5 h6 6. Bh4 Bb7 7. e3 g5 8. Bg3
Ne4 9. Qc2 Bxc3+ 10. bxc3 Nxg3 11. hxg3 d6 12. Bd3 Nd7 13. Be4 Bxe4 14. Qxe4
Nf6 15. Qc6+ Ke7 16. Nd2 Qd7 17. Qxd7+ Kxd7 18. Ke2 e5 19. f3 Rae8 20. e4 h5
21. Kf2 Rhg8 22. Nf1 c6 23. Ne3 Kc7 24. a4 a5 25. Nf5 Rd8 26. Rh2 Rd7 27. Rb1
Rh8 28. Ke3 Rdd8 29. Rbh1 Rhg8 30. Nh6 Rgf8 31. g4 hxg4 32. Nxg4 Nxg4+ 33. fxg4
Rb8 34. Rh5 b5 35. cxb5 cxb5 36. Rxg5 bxa4 37. dxe5 dxe5 38. Rxe5 a3 39. Rxa5
Ra8 40. Rxa8 Rxa8 41. Kd4 Kc6 42. c4 a2 43. Ra1 Ra5 44. Kc3 Kc5 45. Kb3 Kd4 46.
g5 Ra8 47. e5 Rb8+ 48. Kxa2 Kxc4 49. Rf1 Re8 50. Rxf7 Rxe5 51. Rf4+ Kd5 52. Rg4
Re7 53. Kb3 Ke5 54. g6 Rg7 55. Kc3 Kf5 56. Rg3 Kf4 57. Rf3+ Ke5 58. Kd3 Rxg6
59. Rf2 Rg3+ 60. Ke2 Ke4 61. Kf1 Ke3 62. Kg1 Rg7 63. Rf3+ Ke4 64. Kf2 Rg8 65.
g3 Rg7 66. Rf4+ Ke5 67. Kf3 Ra7 68. Rf8 Ra4 69. Kg2 Ra7 70. Rf4 Rh7 71. Kf3 Ra7
72. Kg4 Rg7+ 73. Kh3 Ra7 74. Rf3 Ke4 75. Rf6 Rh7+ 76. Kg2 Ra7 77. Rf4+ Ke5 78.
Kf3 Ra8 79. Kg2 Ra2+ 80. Kh3 Ra7 81. Rf8 Rh7+ 82. Kg4 Rg7+ 83. Kf3 Ra7 84. g4
Ra3+ 85. Kf2 Ke6 86. Rf5 Rb3 87. Rf3 Rxf3+ 88. Kxf3 Kf6 89. Kf4 Kg6 90. g5 Kg7
91. Kf5 Kf7 92. g6+ Kg7 93. Kg5 Kg8 1/2-1/2

[Event "Torneo Diputación Foral de Gipuzkoa"]
[Site "San Sebastian ESP"]
[Date "2009.07.14"]
[Round "7.2"]
[White "Ionica, Iulia-Ionela"]
[Black "Zakurdjaeva, Irina"]
[Result "0-1"]
[WhiteElo "2263"]
[BlackElo "2305"]
[PlyCount "114"]
[EventDate "2009.07.07"]
[EventType "tourn"]
[EventRounds "9"]
[EventCountry "ESP"]
[EventCategory "3"]
[Source "lmi"]
[SourceDate "2009.07.07"]

1. e4 c5 2. Nf3 Nc6 3. d4 cxd4 4. Nxd4 Nf6 5. Nc3 d6 6. Bg5 e6 7. Qd2 a6 8.
O-O-O Bd7 9. f4 Be7 10. Nf3 h6 11. Bh4 e5 12. Bxf6 gxf6 13. Nd5 Bf8 14. Bc4 Be6
15. Rhf1 Rc8 16. Bb3 Bg7 17. Ne3 O-O 18. Bxe6 fxe6 19. f5 h5 20. Kb1 Bh6 21.
fxe6 Qe8 22. Qe1 Bxe3 23. Qxe3 Qxe6 24. c3 Ne7 25. Nh4 Qg4 26. Nf5 Nxf5 27.
exf5 Rc6 28. h3 Qh4 29. g4 Rf7 30. gxh5 Qxh5 31. Rg1+ Kf8 32. Qe4 Rg7 33. Rgf1
Qxh3 34. Qd5 Qh5 35. Qa5 Qe8 36. Rh1 Qd7 37. Rdf1 Rc5 38. Qb4 Ke7 39. Rh6 Qb5
40. Rfh1 Qxb4 41. cxb4 Rc4 42. a3 Rf4 43. Rg6 Rxg6 44. fxg6 Rg4 45. Rh7+ Ke6
46. Rxb7 Rxg6 47. a4 e4 48. b5 axb5 49. a5 f5 50. a6 Rg1+ 51. Ka2 Rg8 52. a7
Ra8 53. Kb3 f4 54. Kc3 f3 55. Kd2 f2 56. Ke2 Rf8 57. a8=Q f1=Q+ 0-1

[Event "Torneo Diputación Foral de Gipuzkoa"]
[Site "San Sebastian ESP"]
[Date "2009.07.14"]
[Round "7.3"]
[White "Rozic, Vesna"]
[Black "Milliet, Sophie"]
[Result "1/2-1/2"]
[WhiteElo "2239"]
[BlackElo "2388"]
[PlyCount "50"]
[EventDate "2009.07.07"]
[EventType "tourn"]
[EventRounds "9"]
[EventCountry "ESP"]
[EventCategory "3"]
[Source "lmi"]
[SourceDate "2009.07.07"]

1. d4 Nf6 2. Nf3 e6 3. e3 c5 4. c3 b6 5. Nbd2 cxd4 6. cxd4 Be7 7. b3 O-O 8. Bb2
Ba6 9. Bc4 d5 10. Be2 Bxe2 11. Qxe2 Qc8 12. Rc1 Qb7 13. O-O Nbd7 14. Ne5 Rac8
15. Ndf3 h6 16. Nxd7 Nxd7 17. Ne5 Nxe5 18. dxe5 Rxc1 19. Rxc1 Rc8 20. h3 Rxc1+
21. Bxc1 b5 22. Qc2 b4 23. Bb2 Bf8 24. Bd4 g6 25. f4 h5 1/2-1/2

[Event "Torneo Diputación Foral de Gipuzkoa"]
[Site "San Sebastian ESP"]
[Date "2009.07.14"]
[Round "7.4"]
[White "Melnikova, Yana"]
[Black "Hamdouchi, Adina-Maria"]
[Result "1/2-1/2"]
[WhiteElo "2285"]
[BlackElo "2324"]
[PlyCount "99"]
[EventDate "2009.07.07"]
[EventType "tourn"]
[EventRounds "9"]
[EventCountry "ESP"]
[EventCategory "3"]
[Source "lmi"]
[SourceDate "2009.07.07"]

1. e4 d5 2. exd5 Qxd5 3. Nc3 Qa5 4. d4 Nf6 5. Nf3 c6 6. Bc4 Bf5 7. Bd2 e6 8.
Nd5 Qd8 9. Nxf6+ gxf6 10. c3 Nd7 11. Nh4 Nb6 12. Bb3 Bd3 13. Qf3 Bc4 14. Bf4
Bxb3 15. axb3 Qd5 16. Bg3 f5 17. O-O Be7 18. Rfe1 Qxf3 19. Nxf3 Nd5 20. Bh4 Rg8
21. Bxe7 Kxe7 22. Ra5 a6 23. Kf1 Kf6 24. Ne5 Rad8 25. Nd3 h5 26. Ra4 Ke7 27.
Nc5 Rb8 28. Rd1 Kd6 29. Rd3 Kc7 30. Rf3 Rg7 31. Nd3 Rbg8 32. g3 Rh8 33. h4 Rd8
34. Ra1 Rh7 35. Re1 a5 36. Nf4 Nxf4 37. Rxf4 Rg7 38. Ke2 Rg4 39. Ke3 Rdg8 40.
Kf3 Kd6 41. Ra1 b6 42. Rxg4 fxg4+ 43. Kf4 Rg6 44. Re1 f6 45. Re4 Rg8 46. Ke3
Ke7 47. f3 f5 48. Re5 gxf3 49. Kxf3 Kf6 50. Re2 1/2-1/2

[Event "Torneo Diputación Foral de Gipuzkoa"]
[Site "San Sebastian ESP"]
[Date "2009.07.14"]
[Round "7.5"]
[White "Michna, Marta"]
[Black "Karlovich, Anastazia"]
[Result "1/2-1/2"]
[WhiteElo "2379"]
[BlackElo "2211"]
[PlyCount "41"]
[EventDate "2009.07.07"]
[EventType "tourn"]
[EventRounds "9"]
[EventCountry "ESP"]
[EventCategory "3"]
[Source "lmi"]
[SourceDate "2009.07.07"]

1. d4 d5 2. Nf3 Nc6 3. e3 Nf6 4. a3 Bg4 5. h3 Bxf3 6. Qxf3 e5 7. Bb5 Bd6 8. c4
exd4 9. exd4 O-O 10. Bxc6 bxc6 11. O-O Ne4 12. Nc3 Re8 13. Be3 Rb8 14. Rfb1 Rb3
15. Qd1 Rxc3 16. bxc3 Nxc3 17. Qb3 Nxb1 18. Rxb1 dxc4 19. Qa4 Qe7 20. Qxc6 Bxa3
21. Rb7 1/2-1/2

[Event "Torneo Diputación Foral de Gipuzkoa"]
[Site "San Sebastian ESP"]
[Date "2009.07.15"]
[Round "8.1"]
[White "Pokorna, Regina"]
[Black "Karlovich, Anastazia"]
[Result "1/2-1/2"]
[WhiteElo "2381"]
[BlackElo "2211"]
[PlyCount "86"]
[EventDate "2009.07.07"]
[EventType "tourn"]
[EventRounds "9"]
[EventCountry "ESP"]
[EventCategory "3"]
[Source "lmi"]
[SourceDate "2009.07.07"]

1. e4 e5 2. Nf3 Nc6 3. Bc4 Bc5 4. c3 Nf6 5. d3 a6 6. Bb3 Ba7 7. O-O d6 8. Re1
h6 9. Nbd2 O-O 10. Nf1 Ng4 11. d4 Bd7 12. h3 Nf6 13. Ng3 Re8 14. Bc2 Nh7 15.
Be3 Qf6 16. d5 Nb8 17. Nh2 Bxe3 18. Rxe3 g6 19. Ngf1 a5 20. Rg3 Kh8 21. Qd2 h5
22. Ne3 a4 23. Qd1 Qe7 24. Nef1 b5 25. b3 Rf8 26. b4 c6 27. Rd3 cxd5 28. Rxd5
Ra6 29. c4 bxc4 30. b5 Rb6 31. Bxa4 Nf6 32. Ne3 Nxe4 33. Rc1 Nf6 34. Rd2 Bxb5
35. Bxb5 Rxb5 36. Rxd6 c3 37. Qd3 Rc5 38. Nhf1 Rfc8 39. Ng3 Ne8 40. Rd5 Nf6 41.
Rd6 Ne8 42. Rd5 Nf6 43. Rd6 Ne8 1/2-1/2

[Event "Torneo Diputación Foral de Gipuzkoa"]
[Site "San Sebastian ESP"]
[Date "2009.07.15"]
[Round "8.4"]
[White "Zakurdjaeva, Irina"]
[Black "Rozic, Vesna"]
[Result "1-0"]
[WhiteElo "2305"]
[BlackElo "2239"]
[PlyCount "65"]
[EventDate "2009.07.07"]
[EventType "tourn"]
[EventRounds "9"]
[EventCountry "ESP"]
[EventCategory "3"]
[Source "lmi"]
[SourceDate "2009.07.07"]

1. e4 e6 2. d4 d5 3. Nc3 Nf6 4. e5 Nfd7 5. f4 c5 6. Nf3 Nc6 7. dxc5 Nxc5 8. Be3
Be7 9. Qd2 O-O 10. O-O-O Qa5 11. Kb1 Bd7 12. f5 Na4 13. Nxa4 Qxa4 14. Bd3 Nb4
15. a3 Nxd3 16. Qxd3 exf5 17. Nd4 f4 18. Bxf4 Rac8 19. Qg3 Rfe8 20. Rhf1 Qa6
21. e6 Bxe6 22. Be5 Bf8 23. h4 Bd7 24. h5 Rxe5 25. Qxe5 Qc4 26. h6 gxh6 27. Rf3
f6 28. Qxf6 Qc7 29. Rc3 Qb8 30. Rf3 Qc7 31. Rdd3 Bg4 32. Rc3 Qd8 33. Qf7+ 1-0

[Event "Torneo Diputación Foral de Gipuzkoa"]
[Site "San Sebastian ESP"]
[Date "2009.07.16"]
[Round "9.1"]
[White "Ionica, Iulia-Ionela"]
[Black "Pokorna, Regina"]
[Result "1/2-1/2"]
[WhiteElo "2263"]
[BlackElo "2381"]
[PlyCount "27"]
[EventDate "2009.07.07"]
[EventType "tourn"]
[EventRounds "9"]
[EventCountry "ESP"]
[EventCategory "3"]
[Source "lmi"]
[SourceDate "2009.07.07"]

1. e4 e5 2. Nf3 Nc6 3. Bb5 a6 4. Bxc6 dxc6 5. O-O f6 6. d4 exd4 7. Nxd4 c5 8.
Ne2 Qxd1 9. Rxd1 Bd7 10. Nbc3 O-O-O 11. Be3 Re8 12. Rd2 Bc6 13. Rad1 b6 14. f3
1/2-1/2

[Event "Torneo Diputación Foral de Gipuzkoa"]
[Site "San Sebastian ESP"]
[Date "2009.07.16"]
[Round "9.2"]
[White "Rozic, Vesna"]
[Black "Tania, Sachdev"]
[Result "0-1"]
[WhiteElo "2239"]
[BlackElo "2410"]
[PlyCount "126"]
[EventDate "2009.07.07"]
[EventType "tourn"]
[EventRounds "9"]
[EventCountry "ESP"]
[EventCategory "3"]
[Source "lmi"]
[SourceDate "2009.07.07"]

1. d4 Nf6 2. Nf3 d6 3. e3 g6 4. Be2 Bg7 5. O-O Nbd7 6. Nbd2 O-O 7. Re1 e5 8.
dxe5 dxe5 9. e4 c6 10. c3 Qc7 11. Qc2 a5 12. a4 Nc5 13. Bc4 Ne6 14. Nf1 Bd7 15.
Ng5 Nd8 16. b3 b5 17. Be2 h6 18. Nf3 Ne6 19. Ba3 Rfd8 20. Rad1 bxa4 21. bxa4
Bf8 22. Bxf8 Kxf8 23. Ne3 Nc5 24. Nc4 Re8 25. Nfd2 Kg7 26. Ne3 Rad8 27. Bc4 Bc8
28. f3 Nfd7 29. Bb3 Nb6 30. Ndc4 Nxc4 31. Bxc4 Rd7 32. Rxd7 Bxd7 33. Rb1 Rd8
34. Qa2 Be8 35. Rd1 Rb8 36. Kh1 h5 37. Qd2 Qe7 38. g4 Nxa4 39. gxh5 Qf6 40. Qg2
Kf8 41. hxg6 fxg6 42. Ng4 Qf4 43. Qh3 Kg7 44. Rg1 Bd7 45. Qf1 Rb2 46. Qh3 Nb6
47. Bd3 Rf2 48. Qg3 Qxg3 49. hxg3 Bxg4 50. fxg4 Rd2 51. Ba6 a4 52. Ra1 Rc2 53.
Ra3 Rb2 54. c4 Rb3 55. Ra1 a3 56. Kh2 Na4 57. c5 Nxc5 58. Bc4 Rc3 59. Ba2 Nxe4
60. Be6 Nc5 61. Ba2 Nb3 62. Rb1 Rc2+ 63. Kh3 Rb2 0-1